<?xml version="1.0" encoding="UTF-8"?>
<record
    xmlns:xsi="http://www.w3.org/2001/XMLSchema-instance"
    xsi:schemaLocation="http://www.loc.gov/MARC21/slim http://www.loc.gov/standards/marcxml/schema/MARC21slim.xsd"
    xmlns="http://www.loc.gov/MARC21/slim">

  <leader>00401nam a2200145Ia 4500</leader>
  <controlfield tag="008">220803s9999    xx            000 0 und d</controlfield>
  <datafield tag="020" ind1=" " ind2=" ">
    <subfield code="a">9781118477106</subfield>
  </datafield>
  <datafield tag="041" ind1=" " ind2=" ">
    <subfield code="a">eng</subfield>
  </datafield>
  <datafield tag="082" ind1=" " ind2=" ">
    <subfield code="a">690.028'6 WIL</subfield>
  </datafield>
  <datafield tag="100" ind1=" " ind2=" ">
    <subfield code="a">Wilkinson S</subfield>
    <subfield code="9">25058</subfield>
  </datafield>
  <datafield tag="245" ind1=" " ind2=" ">
    <subfield code="a">Sustainable Building Adaptation Innovations In Decision Making</subfield>
  </datafield>
  <datafield tag="260" ind1=" " ind2=" ">
    <subfield code="a">United Kingdom</subfield>
    <subfield code="b">Wiley Publication</subfield>
    <subfield code="c">2014</subfield>
  </datafield>
  <datafield tag="300" ind1=" " ind2=" ">
    <subfield code="a">278p</subfield>
  </datafield>
  <datafield tag="500" ind1=" " ind2=" ">
    <subfield code="a">ENVIR</subfield>
  </datafield>
  <datafield tag="999" ind1=" " ind2=" ">
    <subfield code="c">15928</subfield>
    <subfield code="d">15928</subfield>
  </datafield>
  <datafield tag="952" ind1=" " ind2=" ">
    <subfield code="0">0</subfield>
    <subfield code="1">0</subfield>
    <subfield code="4">0</subfield>
    <subfield code="7">3</subfield>
    <subfield code="8">Book of M Arch EA</subfield>
    <subfield code="a">BNCA</subfield>
    <subfield code="b">BNCA</subfield>
    <subfield code="d">2015-09-11</subfield>
    <subfield code="e">Technical Book Source</subfield>
    <subfield code="g">5824.28</subfield>
    <subfield code="o">720.4 WIL</subfield>
    <subfield code="p">BNCA-BK-9524</subfield>
    <subfield code="r">2022-08-03 00:00:00</subfield>
    <subfield code="v">5824.28</subfield>
    <subfield code="w">2015-08-11</subfield>
    <subfield code="y">RF</subfield>
    <subfield code="z">B09524</subfield>
  </datafield>
</record>
